[Event "AUT Bundesliga 2021-22"]
[Site "Graz"]
[Date "2022.04.21"]
[Round "9.20"]
[White "Lagarde, Maxime"]
[Black "Kvetny, Mark"]
[Result "1-0"]
[WhiteElo "2626"]
[BlackElo "2417"]
[Annotator "TA"]
[PlyCount "85"]
[EventDate "2021.01.17"]
[EventType "team-tourn"]
[EventCountry "AUT"]
[SourceTitle "playchess.com"]
[Source "ChessBase"]
[SourceQuality "1"]
[TimeControl "40/5400+30:1800+30"]

{[%evp 10,85,15,17,29,0,0,15,0,-13,-20,-34,-42,-41,-31,-54,-39,-47,-42,-39,-20,-18,-11,-23,-15,-18,-15,-15,0,0,-9,-58,-72,-67,-75,-135,-62,-82,-91,-97,-91,-155,-156,-602,-609,-499,-565,-850,-755,-833,-852,-850,-849,-794,-806,-930,-608,-573,-147,-154,-75,-73,-8,-112,-120,-93,0,0,0,0,541,537,748,262,29988,29989,29997,29998]} 1. d4 {[%emt 0:00:03]} Nf6 {[%emt 0:00:15]} 2. c4 {[%emt 0:00:04]} e6 {[%emt 0:00:10]} 3. Nf3 {[%emt 0:00:04]} Bb4+ {[%emt 0:04:19]} 4. Nbd2 {[%emt 0:00:15]} O-O {[%emt 0:00:33]} 5. a3 {[%emt 0:00:04]} Be7 {[%emt 0:00:04]} 6. e4 {[%emt 0:00:06]} d6 {[%emt 0:00:30][%cal Oe6e5] E11: Bogo-Indian.} 7. b4 {[%emt 0:00:06]} a5 {[%emt 0:10:19]} 8. Bb2 {[%emt 0:05:42]} e5 {[%emt 0:04:56] The position is equal.} 9. d5 {[%emt 0:10:12]} c6 {[%emt 0:27:56]} 10. h3 {[%emt 0:06:23]} axb4 {[%emt 0:07:06]} 11. axb4 {[%emt 0:00:05]} Rxa1 {[%emt 0:00:05] [#]} 12. Bxa1 $146 {[%emt 0:02:45]} ({Predecessor:} 12. Qxa1 b5 13. Qa7 Bd7 14. Bd3 Nh5 15. g3 bxc4 16. Bxc4 Nf6 17. Kf1 cxd5 18. exd5 {0-1 (40) Potpara,N (2371)-Draskovic,L (2439) Pljevlja 2015}) 12... Na6 {[%emt 0:02:44]} 13. Qb3 {[%emt 0:00:34]} cxd5 {[%emt 0:01:43]} 14. cxd5 {[%emt 0:05:47]} Qb6 {[%emt 0:00:14]} (14... Bd7 $5 {[%cal Rd8b6]}) 15. Bc3 {[%emt 0:03:24]} Bd7 {[%emt 0:00:32] Black wants to play ...Rc8.} 16. Nc4 {[%emt 0:01:11]} Qc7 {[%emt 0:04:18] And now ...Rc8 would win.} 17. Nfd2 $1 {[%emt 0:00:04]} Rc8 {[%emt 0:02:29] ...b5 is the strong threat.} 18. Bb2 {[%emt 0:00:06]} b5 {[%emt 0:07:11]} 19. Na3 {[%emt 0:03:26]} Nh5 {[%emt 0:01:29]} 20. Ndb1 {[%emt 0:04:24]} (20. Nxb5 Qc2 21. Qxc2 (21. Nxd6 $2 Bxd6 22. Bxa6 Ba4 $19) 21... Rxc2 $15) (20. Bxb5 $11 {should be considered.} Bxb5 21. Nxb5) 20... Qb6 {[%emt 0:04:38]} 21. g3 {[%emt 0:08:03]} Bg5 {[%emt 0:03:53]} 22. Nc2 {[%emt 0:02:52]} (22. Be2 $142 Nf6 23. Bf3) 22... f5 {[%emt 0:02:42]} (22... Nf6 $17 23. Bg2 Rc4) 23. h4 $15 {[%emt 0:00:21]} Bh6 {[%emt 0:02:02]} 24. Bh3 {[%emt 0:00:17]} Qc7 $1 {[%emt 0:05:12]} 25. Nba3 {[%emt 0:07:42]} (25. Nc3 $142) 25... fxe4 $17 {[%emt 0:00:24]} 26. g4 $2 {[%emt 0:00:18]} (26. Be6+ $17 Kh8 27. g4) 26... Nf4 $19 {[%emt 0:00:36] Strongly threatening ...Nd3+.} 27. g5 {[%emt 0:00:01]} Nd3+ {[%emt 0:01:24]} (27... Nxh3 28. Rxh3 Bxh3 29. Qxh3 Bxg5 30. hxg5 $11) 28. Kf1 {[%emt 0:00:28] [#]} Qa7 $1 {[%emt 0:00:58][%csl Gd3][%cal Ra7f2]} 29. Bd4 {[%emt 0:02:17]} exd4 {[%emt 0:00:02]} 30. Be6+ {[%emt 0:00:08]} Kh8 {[%emt 0:02:12][%cal Oa6b4]} 31. gxh6 {[%emt 0:01:00]} gxh6 {[%emt 0:00:18][%cal Oa6b4]} 32. Rg1 {[%emt 0:01:34]} Rf8 {[%emt 0:02:53][%csl Gd3][%cal Rf8f2]} 33. Rg2 {[%emt 0:00:10]} Nf4 $2 {[%emt 0:00:36]} (33... Be8 $19 34. Nb1 Bg6) 34. Rg4 $17 {[%emt 0:00:43]} Bxe6 {[%emt 0:00:52]} (34... Be8 $142 35. Qb2 Nd3 36. Qxd4+ Qxd4 37. Nxd4 Naxb4) 35. dxe6 {[%emt 0:00:06]} h5 {[%emt 0:00:22]} (35... Nd3 36. Nxb5 Rxf2+ 37. Kg1 $11) ({Black should try} 35... Qe7 $1 $17 36. Nxb5 Nxe6 37. Nbxd4 Qf6 $1) 36. Rxf4 {[%emt 0:02:42]} Rxf4 {[%emt 0:00:07]} 37. Qg3 {[%emt 0:00:03] [#]} Rf6 {[%emt 0:01:50]} ({Black should play} 37... Rf8 $1 $17 {Hoping for ...d3.} 38. Nxb5 Qg7 39. Qxg7+ Kxg7) 38. Nxb5 $40 {[%emt 0:02:50][%mdl 128] White mounts an attack.} Qe7 {[%emt 0:00:47]} 39. Ncxd4 {[%emt 0:04:11]} d5 {[%emt 0:00:47][%mdl 8192]} ({Don't take} 39... Nxb4 40. Nxd6 e3 {[#]} 41. Qxe3 $1 $16) (39... Nc7 $11 40. Nxd6 (40. Qxd6 $2 Qxd6 41. Nxd6 Nxe6 $19) 40... Nxe6) 40. Nd6 $18 {[%emt 0:00:00] Threatening mate with N4f5.} Rg6 {[%emt 0:00:00]} 41. Qc3 {[%emt 0:27:09]} (41. Nf7+ Kg7 42. Qe5+ Kf8 43. Ng5) 41... Qf6 $2 {[%emt 0:09:57]} (41... Qxd6 $18 42. Nf5+ d4 43. Qc8+ (43. Nxd6 $2 {too greedy.} dxc3 44. e7 Nc7 $19) 43... Rg8 44. Qxg8+ (44. Nxd6 Rxc8 45. Nxc8 Kg7 $16) 44... Kxg8 45. Nxd6 Kf8) 42. Nf7+ {[%emt 0:02:36] Pair of Knights!} Kg7 {[%emt 0:01:10]} 43. Nf5+ {[%emt 0:00:06] Never resign too early!  Weighted Error Value: White=0.51/Black=0.70} 1-0

[Event "AUT Bundesliga 2021-22"]
[Site "Graz"]
[Date "2022.04.21"]
[Round "9.22"]
[White "Diermair, Andreas"]
[Black "Richter, Nils"]
[Result "1-0"]
[WhiteElo "2469"]
[BlackElo "2320"]
[Annotator "TA"]
[PlyCount "81"]
[EventDate "2021.01.17"]
[EventType "team-tourn"]
[EventCountry "AUT"]
[SourceTitle "playchess.com"]
[Source "ChessBase"]
[SourceQuality "1"]
[TimeControl "40/5400+30:1800+30"]

{[%evp 11,81,0,0,0,0,-2,3,0,0,-10,10,-24,-16,-56,0,0,13,-1,7,10,11,13,12,0,0,13,39,52,59,64,68,32,83,87,75,69,78,13,22,10,16,22,10,9,21,0,74,66,64,65,98,93,179,128,128,71,112,98,111,100,187,178,208,212,201,187,1410,1387,1253,1253,1084,1019]} 1. d4 {[%emt 0:00:04]} Nf6 {[%emt 0:00:08]} 2. c4 {[%emt 0:00:05]} e6 {[%emt 0:00:08]} 3. Nc3 {[%emt 0:00:18]} Bb4 {[%emt 0:00:11]} 4. e3 {[%emt 0:00:14]} O-O {[%emt 0:00:24]} 5. Bd3 {[%emt 0:00:46]} d5 {[%emt 0:00:14]} 6. cxd5 {[%emt 0:03:09]} exd5 {[%emt 0:00:22]} 7. a3 {[%emt 0:00:10] E48: Nimzo-Indian: Rubinstein: 5 Bd3 d5 including 6 Ne2, but excluding 6 a3.} Bd6 {[%emt 0:00:58]} 8. Qc2 {[%emt 0:00:13]} a6 {[%emt 0:05:21]} 9. Nge2 {[%emt 0:06:13] The position is equal.} Re8 {[%emt 0:00:46]} 10. b4 {[%emt 0:05:22] [#]} Nbd7 $146 {[%emt 0:12:04]} ({Predecessor:} 10... b6 11. O-O Bb7 12. Rb1 Qe7 13. h3 Nbd7 14. b5 a5 15. a4 Rac8 16. Qb3 Nf8 {1-0 (39) Milov,V (2680)-Riff,J (2474) Kemer 2007}) 11. Bd2 {[%emt 0:07:57]} b6 {[%emt 0:04:30]} 12. Na4 {[%emt 0:15:52]} Bb7 {[%emt 0:01:50]} (12... Ne4 $15) 13. f3 $11 {[%emt 0:01:22]} Rc8 {[%emt 0:14:17]} 14. Rb1 {[%emt 0:05:59][%cal Oa4c5,Ba1b1,Bb1b7,Bb7c7][%mdl 32]} Qe7 {[%emt 0:14:33]} 15. O-O {[%emt 0:01:24][%cal Oa4c5]} g6 {[%emt 0:01:13] [#]} 16. Nc5 $1 {[%emt 0:09:30]} bxc5 {[%emt 0:02:44]} 17. bxc5 {[%emt 0:00:06][%mdl 64] Discovered Attack} Bxc5 {[%emt 0:01:03] Hoping for ...Bb6.} 18. Rxb7 {[%emt 0:00:44]} Bb6 {[%emt 0:03:40]} 19. Rb1 {[%emt 0:03:53]} a5 {[%emt 0:02:01]} 20. a4 {[%emt 0:01:39]} Qd6 {[%emt 0:02:19]} 21. Ba6 {[%emt 0:10:35]} Bxd4 {[%emt 0:05:47]} 22. Nxd4 $16 {[%emt 0:00:16]} ({Reject} 22. exd4 Qxa6 23. Nf4 c5 $15) 22... Qxa6 {[%emt 0:00:01]} 23. Rxc7 {[%emt 0:01:22] &Bianco is more active.} Ne5 {[%emt 0:02:03] [#]} 24. Nb5 {[%emt 0:03:34]} ({White should try} 24. Rbb7 $1 $16) 24... Nc4 $11 {[%emt 0:02:12]} 25. Rc1 {[%emt 0:03:11]} Qb6 {[%emt 0:03:15]} 26. Rxc8 {[%emt 0:00:12]} Rxc8 {[%emt 0:00:01]} 27. Qd3 {[%emt 0:00:54]} Re8 {[%emt 0:01:18]} 28. Re1 {[%emt 0:02:48]} Qc5 {[%emt 0:08:53] [#]} (28... Nxd2 $11 29. Qxd2 Re6) 29. Bc3 $1 $16 {[%emt 0:08:23]} Nd7 {[%emt 0:00:01][%cal Re8e3]} 30. Qd4 {[%emt 0:01:22]} (30. Bd4 {keeps more tension.} Qe7 31. Nc3 Nde5 32. Bxe5 Nxe5 33. Qd4) 30... Qxd4 {[%emt 0:00:46]} 31. Bxd4 {[%emt 0:00:02]} Nf8 {[%emt 0:05:15]} (31... Rb8 $16 {keeps fighting.}) 32. Nc3 {[%emt 0:02:19]} (32. Nc7 $18 Rd8 33. Rb1) 32... Rd8 {[%emt 0:04:40]} 33. Kf2 {[%emt 0:00:27]} (33. Rb1 $142) 33... f5 {[%emt 0:01:00]} 34. Rb1 {[%emt 0:00:58]} Ne6 {[%emt 0:00:17]} 35. Rb5 {[%emt 0:01:48]} f4 {[%emt 0:01:20]} (35... Nc7 $16 {was worth a try.}) 36. Nxd5 $18 {[%emt 0:00:53]} ({Don't play} 36. Rxd5 $6 Rxd5 37. Nxd5 Nxd4 38. exd4 Kf7 $16) 36... fxe3+ {[%emt 0:01:12]} 37. Bxe3 {[%emt 0:00:15]} h5 {[%emt 0:01:24]} 38. h4 {[%emt 0:00:50]} Kg7 $2 {[%emt 0:00:45]} (38... Rd6 39. Ke2 Kf7) 39. Rb7+ {[%emt 0:00:19] White is clearly winning.} Kh8 {[%emt 0:00:28]} 40. Nf6 {[%emt 0:00:00][%csl Gf6][%cal Rb7h7]} Nf8 {[%emt 0:00:00] Prevents Rh7+.} 41. Bh6 {[%emt 0:01:18] Weighted Error Value: White=0.11 (very precise) /Black=0.21 (precise)} 1-0

[Event "AUT Bundesliga 2021-22"]
[Site "Graz"]
[Date "2022.04.21"]
[Round "9.23"]
[White "Neyman, Igor"]
[Black "Sebenik, Matej"]
[Result "0-1"]
[WhiteElo "2325"]
[BlackElo "2510"]
[Annotator "TA"]
[PlyCount "112"]
[EventDate "2021.01.17"]
[EventType "team-tourn"]
[EventCountry "AUT"]
[SourceTitle "playchess.com"]
[Source "ChessBase"]
[SourceQuality "1"]
[TimeControl "40/5400+30:1800+30"]

{[%evp 22,112,10,10,7,0,25,15,27,20,12,14,14,14,10,4,10,0,0,0,2,-7,-7,-21,-7,-7,-7,-8,0,-66,0,-89,-90,-100,0,-66,-64,-64,-66,-67,-63,-60,-65,-91,-92,-111,-62,-55,0,-7,0,-78,-78,-78,-78,-78,-42,-78,-13,-111,-78,-164,-152,-355,-349,-342,-330,-577,-7,-7,-7,-7,-7,-12,-8,-118,-72,-116,-123,-260,-259,-252,-172,-270,0,-252,0,-246,-235,-29993,-29994,-29994,-29995]} 1. d4 {[%emt 0:00:03]} d5 {[%emt 0:00:16]} 2. c4 {[%emt 0:00:48]} e6 {[%emt 0:00:22]} 3. Nc3 {[%emt 0:00:23]} Nf6 {[%emt 0:00:09]} 4. Bg5 {[%emt 0:00:49]} Be7 {[%emt 0:01:17]} 5. Nf3 {[%emt 0:02:28]} O-O {[%emt 0:02:49]} 6. e3 {[%emt 0:01:30]} Nbd7 {[%emt 0:01:32]} 7. cxd5 {[%emt 0:03:20]} Nxd5 {[%emt 0:06:05]} 8. Bxe7 {[%emt 0:03:41]} Qxe7 {[%emt 0:00:05]} 9. Nxd5 {[%emt 0:03:45]} exd5 {[%emt 0:00:07]} 10. Bd3 {[%emt 0:00:48]} c6 {[%emt 0:00:23]} 11. O-O {[%emt 0:02:41]} Nf6 {[%emt 0:16:37]} 12. Qc2 {[%emt 0:05:36]} g6 {[%emt 0:01:59] D61: Queen's Gambit Declined: Classical: 7 Qc2.} 13. Qc5 {[%emt 0:16:33] [#]} Re8 $146 {[%emt 0:26:30]} ({Predecessor:} 13... Qxc5 14. dxc5 Nh5 15. Nd4 Ng7 16. b4 Ne6 17. Nb3 Bd7 18. Rfc1 Rab8 19. f4 Rfe8 20. Kf2 {½-½ (37) Bagirov,R (2471)-Ehlvest,J (2589) Moscow 2002}) 14. b4 {[%emt 0:05:01]} Ne4 {[%emt 0:08:42] The position is equal.} 15. Qxe7 {[%emt 0:01:57]} Rxe7 {[%emt 0:00:05]} 16. Rfc1 {[%emt 0:02:01]} Nd6 {[%emt 0:00:21]} 17. a4 {[%emt 0:03:05]} a6 {[%emt 0:03:52]} 18. Nd2 {[%emt 0:06:29]} Bf5 {[%emt 0:00:45]} 19. Bf1 {[%emt 0:07:19]} g5 {[%emt 0:00:57]} 20. Nb1 {[%emt 0:03:53]} Ree8 {[%emt 0:13:47]} 21. Nd2 {[%emt 0:08:50]} Kg7 {[%emt 0:01:01]} 22. Ra3 {[%emt 0:00:47]} f6 {[%emt 0:02:45]} 23. h3 {[%emt 0:02:39]} h5 {[%emt 0:01:28]} 24. Rb3 {[%emt 0:02:54]} Rec8 {[%emt 0:00:33]} 25. Rbc3 {[%emt 0:02:51]} (25. Rc5 $11) 25... h4 {[%emt 0:01:21]} (25... a5 $15 26. Rb3 Kg6) 26. f3 {[%emt 0:00:49]} (26. Nb3 $11 {keeps the balance.}) 26... a5 $1 $17 {[%emt 0:04:47]} 27. Rb3 {[%emt 0:03:06]} Ra7 {[%emt 0:02:04]} (27... b5 $1 $17 {[%cal Rb5a4]} 28. axb5 a4) 28. Be2 {[%emt 0:01:32]} (28. bxa5 $11 Rxa5 29. Rb4 (29. e4 dxe4 30. fxe4 Nxe4 $11)) 28... axb4 $15 {[%emt 0:00:26]} 29. Rxb4 {[%emt 0:00:10]} Rca8 {[%emt 0:00:03]} 30. Bd1 {[%emt 0:00:54][%cal Be2d1,Bd1b3,Bb3c2][%mdl 32]} Bg6 {[%emt 0:02:42]} 31. Bb3 {[%emt 0:02:01]} f5 {[%emt 0:00:52]} 32. Re1 {[%emt 0:00:41]} Re8 $1 {[%emt 0:00:23]} 33. Bc2 {[%emt 0:01:50]} f4 {[%emt 0:00:40]} ({Black should try} 33... b5 $17) 34. e4 {[%emt 0:00:24]} Re7 {[%emt 0:00:30]} (34... b5 $1 $15) 35. Bb1 {[%emt 0:00:44]} Nf5 {[%emt 0:00:49]} 36. e5 {[%emt 0:01:36]} (36. Rc1 $11 Ng3 37. Kf2) 36... Ne3 $17 {[%emt 0:00:20] ...Bxb1 is the strong threat.} 37. Bxg6 {[%emt 0:00:21]} Kxg6 {[%emt 0:00:04]} 38. Rc1 {[%emt 0:00:25] Prevents Nc2.} Kf7 {[%emt 0:01:18] &Nero is more active.} 39. Nb3 {[%emt 0:02:29]} Nc4 {[%emt 0:00:20]} (39... b5 $1 $17 {[%cal Rb5a4]} 40. a5 (40. axb5 cxb5 41. Kh2 Ra2 $17) 40... Ra6) 40. Rc2 {[%emt 0:00:00]} (40. Nc5 $1 $11) 40... Rc7 {[%emt 0:00:00]} 41. Nd2 {[%emt 0:06:20]} (41. Ra2 $17) 41... Ne3 $1 $19 {[%emt 0:09:41]} 42. Rc5 {[%emt 0:03:40]} (42. Ra2 $17) 42... b6 {[%emt 0:07:05]} 43. Rxb6 {[%emt 0:02:43] And now a5 would win.} Rxa4 {[%emt 0:00:04] Strongly threatening ...Ra2.} 44. Nb3 $2 {[%emt 0:01:57]} (44. Kf2 Ra2 45. Ke1) 44... Ra3 $2 {[%emt 0:01:56]} (44... Ra2 $19 45. Kh1 Rxg2 46. Rcxc6 Rxc6 47. Rxc6 Rg3) 45. Ra5 $11 {[%emt 0:01:01]} Rxa5 {[%emt 0:04:26]} 46. Nxa5 {[%emt 0:00:07][%mdl 4096] Endgame KRN-KRN} c5 {[%emt 0:00:01]} 47. dxc5 {[%emt 0:02:39]} Rxc5 {[%emt 0:00:12]} 48. Nb3 {[%emt 0:01:25]} (48. Rf6+ $11 Ke8 49. Nc6) 48... Rc4 $17 {[%emt 0:00:33]} 49. Rd6 {[%emt 0:01:00] [#]} Ke7 $1 {[%emt 0:00:56]} 50. Na5 {[%emt 0:01:48]} (50. Rg6 $17) 50... Rc1+ $19 {[%emt 0:01:41]} 51. Kf2 {[%emt 0:00:14]} Rc2+ {[%emt 0:00:08]} 52. Kg1 {[%emt 0:00:13]} (52. Ke1 $142) 52... Rc1+ {[%emt 0:00:05]} (52... Rxg2+ 53. Kh1 $11) 53. Kf2 $1 {[%emt 0:00:05]} Rc2+ {[%emt 0:00:02]} 54. Kg1 $1 {[%emt 0:00:06]} Nf5 {[%emt 0:07:07]} ({Not} 54... Rxg2+ 55. Kh1 $11) 55. Rxd5 $2 {[%emt 0:07:39]} (55. Nc6+ $19 Ke8 56. Rd8+ Kf7 57. Rd7+ Ke6 58. Rd6+ Nxd6 59. Nd4+ Kxe5 60. Nxc2) 55... Rc1+ {[%emt 0:00:51]} ({Weaker is} 55... Ne3 56. Rd6 $11) 56. Kf2 {[%emt 0:00:05] [#]} Ng3 $1 {[%emt 0:00:05] Weighted Error Value: White=0.45/Black=0.32} 0-1

[Event "AUT Bundesliga 2021-22"]
[Site "Graz"]
[Date "2022.04.21"]
[Round "9.24"]
[White "Janzelj, Tim"]
[Black "Kranz, Armin"]
[Result "1-0"]
[WhiteElo "2463"]
[BlackElo "2113"]
[Annotator "TA"]
[PlyCount "67"]
[EventDate "2021.01.17"]
[EventType "team-tourn"]
[EventCountry "AUT"]
[SourceTitle "playchess.com"]
[Source "ChessBase"]
[SourceQuality "1"]
[TimeControl "40/5400+30:1800+30"]

{[%evp 9,67,-33,-23,-42,-45,-28,-31,-59,-47,-57,-37,-43,-41,-42,-33,-32,-37,-35,-36,-78,147,146,146,148,178,60,51,68,57,26,41,37,66,19,20,29,85,60,198,193,193,188,169,147,216,211,186,179,453,416,421,411,902,857,2903,2551,29987,3393,29983,29983]} 1. e4 {[%emt 0:00:07]} e5 {[%emt 0:00:09]} 2. Nf3 {[%emt 0:00:04]} Nf6 {[%emt 0:00:08]} 3. Qe2 {[%emt 0:02:05]} Nc6 {[%emt 0:08:21]} 4. h3 {[%emt 0:00:59]} d6 {[%emt 0:06:15] [#]} 5. g4 $146 {[%emt 0:04:53]} ({Predecessor:} 5. c3 Be7 6. d3 O-O 7. d4 exd4 8. cxd4 d5 9. e5 Bb4+ 10. Bd2 Re8 11. Qd3 {0-1 (37) De Moura,E-Baltar,P (1828) Recife 2012}) 5... g6 {[%emt 0:01:26]} 6. Bg2 {[%emt 0:01:09] C42: Petroff Defence: 3 Nxe5 and unusual White 3rd moves.} Bg7 {[%emt 0:03:01]} 7. d3 {[%emt 0:00:30]} O-O {[%emt 0:07:42]} 8. Nbd2 {[%emt 0:02:02] Black is slightly better.} d5 {[%emt 0:07:48]} 9. Nf1 {[%emt 0:06:17]} Be6 {[%emt 0:08:02]} (9... h5 {with more complications.} 10. Bg5 hxg4 11. hxg4 Bxg4 12. Ne3 Nd4) 10. Ng3 {[%emt 0:01:47]} dxe4 {[%emt 0:04:29]} 11. dxe4 {[%emt 0:00:11]} Nd4 {[%emt 0:02:17]} 12. Nxd4 {[%emt 0:00:14]} Qxd4 {[%emt 0:01:57]} 13. c3 {[%emt 0:00:25]} Qa4 {[%emt 0:01:20]} 14. g5 {[%emt 0:06:47][%cal Bg4g5,Bg5f6][%mdl 32]} Bc4 $2 {[%emt 0:04:37] [#]} 15. b3 $1 $16 {[%emt 0:00:46][%mdl 512]} Bxb3 {[%emt 0:04:05] aiming for ...Nd7.} 16. gxf6 {[%emt 0:00:10]} Rfd8 {[%emt 0:04:11] [#]} 17. axb3 {[%emt 0:26:03]} Qxa1 $14 {[%emt 0:02:14]} 18. O-O {[%emt 0:00:12] Active counter play!} Bf8 {[%emt 0:01:51]} (18... Bxf6 $2 {[#]} 19. Bg5 $1 {[%mdl 512]} Qxf1+ 20. Bxf1 $18 (20. Nxf1 Bxg5 21. Qb5 Bf4 $18)) 19. Qf3 {[%emt 0:11:30][%cal Og3f5]} Qa6 {[%emt 0:05:49]} 20. c4 {[%emt 0:05:30][%cal Bc3c4,Bc4c5][%mdl 32]} Rd6 {[%emt 0:01:35]} 21. Bg5 {[%emt 0:08:04]} (21. Qc3 $14) 21... Rad8 $11 {[%emt 0:02:04]} 22. Qc3 {[%emt 0:05:26]} Re8 {[%emt 0:05:13]} (22... Rd3 $11 {keeps the balance.} 23. Qxe5 Bd6) 23. Ra1 {[%emt 0:00:31]} Qb6 {[%emt 0:02:24] This move loses the game for Black.} (23... Rd3 $1 $14 24. Qxd3 (24. Rxa6 Rxc3 25. Ra5 Rxb3 $15) 24... Qxa1+ 25. Nf1 Qd4) 24. c5 $18 {[%emt 0:06:23]} Qc6 {[%emt 0:00:36]} 25. Bf1 $36 {[%emt 0:00:03][%cal Of1b5][%mdl 2048] White is on the roll.} Rdd8 {[%emt 0:04:46]} 26. b4 {[%emt 0:03:22]} ({Worse is} 26. Rxa7 Bxc5 27. Qa1 Bxa7 28. Qxa7 Ra8 $17) 26... a6 {[%emt 0:01:54]} (26... h6 $16 {might work better.}) 27. Bc4 {[%emt 0:00:23] Qb3 is the strong threat.} h6 {[%emt 0:01:34]} 28. Qb3 {[%emt 0:00:37]} Qd7 {[%emt 0:00:48]} (28... hxg5 29. Bxf7+ Kh7) 29. Be3 {[%emt 0:00:21]} c6 {[%emt 0:00:39]} 30. Kh2 {[%emt 0:00:40][%cal Og3f5] Black must now prevent Nf5!} Qc7 {[%emt 0:00:42] [#]} (30... Re6 $142 31. Rg1 Qe8) 31. Nf5 $1 {[%emt 0:01:31][%mdl 512] Strongly threatening Rg1.} gxf5 {[%emt 0:05:46] [#]} (31... Rd4 32. Rg1) 32. Bxf7+ $1 {[%emt 0:00:17][%mdl 512]} Kh8 {[%emt 0:01:05]} (32... Kh7 33. Bxe8) 33. Bxe8 {[%emt 0:00:15]} (33. Rg1 $142 Rd5 34. Bxe8 fxe4 35. f7 Qe7 36. Rg8+ Kh7 37. Qb1 Rd3 38. Qg1) 33... Rxe8 {[%emt 0:01:10]} 34. Rg1 {[%emt 0:00:03] Weighted Error Value: White=0.14 (very precise) /Black=0.87} 1-0

[Event "AUT Bundesliga 2021-22"]
[Site "Graz"]
[Date "2022.04.21"]
[Round "9.25"]
[White "Shengelia, David"]
[Black "Ragger, Markus"]
[Result "1/2-1/2"]
[WhiteElo "2503"]
[BlackElo "2643"]
[Annotator "TA"]
[PlyCount "61"]
[EventDate "2021.01.17"]
[EventType "team-tourn"]
[EventCountry "AUT"]
[SourceTitle "playchess.com"]
[Source "ChessBase"]
[SourceQuality "1"]
[TimeControl "40/5400+30:1800+30"]

{[%evp 19,61,1,11,0,2,0,0,0,6,2,0,0,19,0,15,16,15,16,16,18,12,11,10,14,16,5,6,0,0,0,0,0,0,0,5,5,5,5,5,5,5,5,5,5]} 1. d4 {[%emt 0:00:12]} Nf6 {[%emt 0:00:06]} 2. c4 {[%emt 0:00:15]} g6 {[%emt 0:00:12]} 3. Nc3 {[%emt 0:01:06]} d5 {[%emt 0:00:12]} 4. Bg5 {[%emt 0:00:51]} Ne4 {[%emt 0:00:50]} 5. Bh4 {[%emt 0:01:33]} Nxc3 {[%emt 0:01:01]} 6. bxc3 {[%emt 0:00:06]} dxc4 {[%emt 0:00:06]} 7. e3 {[%emt 0:01:13]} Be6 {[%emt 0:04:12]} 8. Nf3 {[%emt 0:01:13]} Bg7 {[%emt 0:00:18]} 9. Be2 {[%emt 0:00:22] is the legacy move (9.Qb1).} O-O {[%emt 0:01:31]} 10. O-O {[%emt 0:00:22]} c5 {[%emt 0:00:31] The position is equal.} 11. Rb1 {[%emt 0:02:49] D91: Grünfeld: 4 Nf3 Bg7 5 Bg5.} (11. Ng5 {keeps more tension.} Bf5 12. Bxc4 Nc6 13. Rc1) 11... cxd4 {[%emt 0:03:24]} 12. Nxd4 {[%emt 0:02:55]} Bd5 {[%emt 0:01:25]} 13. Qc2 {[%emt 0:03:05]} Qc7 {[%emt 0:09:31]} 14. e4 {[%emt 0:05:55]} Bc6 {[%emt 0:00:40]} 15. Bxc4 {[%emt 0:01:51]} b6 {[%emt 0:02:42] [#]} 16. Rfd1 $146 {[%emt 0:10:38]} ({Predecessor:} 16. Bg3 Qb7 17. Rfe1 e6 18. Qe2 a6 19. h4 h5 20. Bf4 b5 21. Bd3 e5 22. Nxc6 exf4 23. Nxb8 {½-½ (23) Howell,D (2620)-Bok,B (2512) Leiden 2012}) 16... Bb7 {[%emt 0:03:11]} 17. Bd5 {[%emt 0:02:15] Hoping for Nb5.} Nc6 {[%emt 0:04:40]} 18. Nxc6 {[%emt 0:03:36]} Bxc6 {[%emt 0:03:36] [#]} 19. Bxe7 $1 {[%emt 0:03:03]} Qxe7 {[%emt 0:00:27]} 20. Bxc6 {[%emt 0:00:06]} Rac8 {[%emt 0:00:13]} 21. Bd5 {[%emt 0:00:40]} Rxc3 {[%emt 0:02:59]} 22. Qd2 {[%emt 0:01:24]} Rfc8 {[%emt 0:01:01]} 23. Rbc1 {[%emt 0:01:14]} Rxc1 {[%emt 0:02:25]} 24. Rxc1 {[%emt 0:00:05]} Rxc1+ {[%emt 0:00:05]} 25. Qxc1 {[%emt 0:00:04]} Bd4 {[%emt 0:00:10]} 26. g3 {[%emt 0:00:38]} Qc5 {[%emt 0:01:55]} 27. Qxc5 {[%emt 0:00:51]} Bxc5 {[%emt 0:00:13]} 28. Kg2 {[%emt 0:00:11]} Kf8 {[%emt 0:00:07]} 29. f4 {[%emt 0:00:23]} f6 {[%emt 0:00:07]} 30. Kf3 {[%emt 0:00:10]} Ke7 {[%emt 0:00:07]} 31. Bc4 {[%emt 0:00:10] An even fight not without its subleties.  Weighted Error Value: White=0.02 (flawless) /Black=0.03 (flawless)} 1/2-1/2